00717 a2200145 4500001000700000020001800007040003200025090000700057100001600064245003300080520034100113942000700454952009100461999001900552125581 a9788526007185 cEscola Canadense de Niteroi aQ2 aRocha, Ruth10aQuem Tem Medo Do Ridículo? aTodo mundo tem medo - e isso pode ser até bom. O que a gente não precisa é ter medo das coisas que não existem. Nos livros desta série, você vai conversar com Ruth Rocha sobre seus medos... E descobrir outros que nem imaginava que existiam. E, principalmente, vai aprender que o humor é a melhor maneira de enfrentá-los! cBK 00104070a80.1b80.1d2024-02-09l0oQ2pA02444r2024-02-09 21:22:14w2024-02-09yBK c125581d125581